000 01218nam a2200325 a 4500
001 000115550
003 CHAP
005 20220329144539.0
008 190605s2019 mx a sm |||||||spa d
010 _a112011
011 _a112983
040 _cCHAP
090 _aTesis
100 1 _aGarcía González, Fátima Anahí.
_9135954
245 1 0 _aProceso salud-enfermedad y su relación social con las enfermedades transmitidas por los alimentos /
_h[En línea]
_cpor Fátima Anahí García González.
260 _aChapingo, Méx. :
_bEl autor,
_c2019.
500 _aPara ver el contenido del material haga clic en la liga
502 _aTesis (Ing. Agr. Esp. en Sociología Rural) -- UACH. Departamento de Sociología Rural
590 _aBATCH-UPD
_b05
_c20190605
_lUCH01
_h1443
590 _aE8697GMM
_b05
_c20190605
_lUCH01
_h1005
590 _aE8697GMM
_b05
_c20190605
_lUCH01
_h1007
590 _aE8697GMM
_b05
_c20190605
_lUCH01
_h1442
650 1 4 _aAlimentos
_xIndustria.
_94227
650 1 4 _aAlimentos
_xToxicidad.
_94295
650 1 4 _aEnfermedades transm por alimentos.
_9125703
856 _aFinding aid
_uhttp://10.13.5.2/tesis/sist115550.pdf
_zTeclea aquí
901 _aBK
942 _cTESIS
942 _n0
999 _c112011
_d112011